000 00831cam a2200277 4500500
005 20260405004104.0
041 _afre
042 _adc
100 1 0 _aLarmagnac-Matheron, Octave
_eauthor
245 0 0 _aIsabelle Pantin : Tolkien et l’écho d’un monde perdu
260 _c2022.
500 _a85
690 _aAnneau
690 _aHeroic fantasy
690 _aLittérature
690 _aMagie
690 _aMélancolie
690 _aMythe
690 _aMythes
690 _aPassé
690 _aRéel
690 _aSeigneur des Anneaux
690 _aTolkien
786 0 _nPhilosophie magazine - Hors séries | Hors série - Été-Autome 2022 | HS54 | 2022-07-01 | p. 13-16 | 2104-9246
856 4 1 _uhttps://shs.cairn.info/magazine-philosophie-magazine-2022-hs54-page-13?lang=fr&redirect-ssocas=7080
999 _c2073609
_d2073609